00345nam a2200133Ia 4500008004100000020001800041041000800059082001800067100001700085245002600102250000600128260006500134300001200199210716s2015 xx 000 0 und d a9789351104346 aeng a005.1372 MONS aMonk, Simon. aRaspberry Pi cookbook a1 aNew DelhibShroff Publishers and Distributors Pvt Ltdc2015 axiv,393